| 000 | 00545nam a2200217 a 4500 | ||
|---|---|---|---|
| 999 |
_c4033 _d4033 |
||
| 001 | 4033 | ||
| 003 | BD-JhCC | ||
| 005 | 20171122092014.0 | ||
| 008 | 171122s1954 e a|||| |||a 000 0 eng d | ||
| 035 | _a(BD-JhCC)4033 | ||
| 040 |
_aBD-JhCC _dBD-JhCC |
||
| 041 | _aeng | ||
| 082 |
_a813.54 _bWES 1954 |
||
| 100 | _aWest, Michael | ||
| 245 |
_aThe Mystery of the Island / _cMichael West, |
||
| 260 |
_aLondon : _bLongmans, Green and Co, _c1954 |
||
| 300 |
_a47 p. : _c18 cm. |
||
| 650 | _aEnglish Fiction | ||
| 942 |
_2ddc _cBK |
||